000 00374nam a2200157Ia 4500
003 OSt
005 20240102054541.0
008 170523s9999 xx 000 0 und d
016 _29788126532605
020 _a9788126532602
040 _ciimtu
100 _aMay- Gary S.
245 0 _aFundamentals of Semiconductor Fabrication
260 _aWiley India
942 _2ddc
_c02
999 _c12016
_d12016